|
|
|
|
| LEADER |
00000nsb a2200000 a 4500 |
| 005 |
20240113063151.0 |
| 008 |
012011| ||||||||r|||||||||||spa|| |
| 040 |
|
|
|b spa
|
| 041 |
1 |
|
|a spa
|
| 082 |
0 |
|
|a 720.5
|
| 100 |
1 |
|
|a Fries, Ana María
|9 199011
|
| 245 |
0 |
0 |
|a Axxis:
|b Arquitectura, diseño y decoración
|c Ana María Fries, directora
|h imp
|n no. 219
|
| 264 |
|
|
|a Bogotá
|b Ediciones Gamma
|c 2011
|
| 300 |
|
|
|a 110 páginas:
|b ilu
|c 30 cm
|
| 310 |
|
|
|a Mesual
|
| 362 |
|
|
|a Numero 219 (2011)
|
| 504 |
|
|
|a incl. ref.
|
| 520 |
3 |
|
|a Reúne en sus páginas una mirada panorámica sobre los avances del diseño en Colombia a través de una muestra de los trabajos destacados relaizados, durante el último año, por arquitectos, diseñadores, artístas, artesanos e industrias colombianas
|
| 650 |
|
|
|a Revista axxis
|9 199027
|
| 650 |
|
|
|a Arquitectura
|
| 650 |
|
|
|a Diseño
|9 218
|
| 650 |
|
7 |
|a Decoración
|9 5504
|
| 773 |
0 |
|
|0 Asi1140
|9 Asi1140
|a Fries, Ana María
|d Bogotá Ediciones Gamma 2011
|o Asi1140
|w Asi1140
|6 Asi1140
|
| 852 |
|
|
|a UC-YANUNCAY
|c SALA 2 ARTES
|f Donación
|k jhoanna.mogollon
|l 1
|m Limitada
|p 20120110
|q 1,00
|b 1
|d CDRY
|e CDRY
|g 720.5 SALA 2 ARTES
|z 2012-20-11
|
| 942 |
|
|
|c SERA
|
| 999 |
|
|
|c 109169
|d 109169
|